000 00324nam a22001337a 4500
008 181005b xxu||||| |||| 00| 0 eng d
020 _a9780521385305
041 _aeng
080 _a201
100 _a24
101 _aTEO
245 _aReligion and the religions in the English Enlightment
_cHarrison, P
942 _2udc
_cBK
999 _c48880
_d48880